[Event "Val Maubuee op"]
[Site "Val Maubuee"]
[Date "1988.??.??"]
[Round "?"]
[White "Lukez, Franko"]
[Black "Agussol, M."]
[Result "1/2-1/2"]
[WhiteElo "2325"]
[BlackElo "1650"]
[PlyCount "104"]
[EventDate "1988.??.??"]
[EventType "swiss"]
[EventRounds "9"]
[EventCountry "FRA"]
[SourceTitle "EXT 1997"]
[Source "ChessBase"]
[SourceDate "1996.11.15"]
[SourceVersion "1"]
[SourceVersionDate "1996.11.15"]
[SourceQuality "1"]

1. e4 e5 2. Nf3 Nc6 3. d4 exd4 4. Nxd4 Bc5 5. Nf5 Qf6 6. Nc3 Nge7 7. Ne3 a6 8. g3 d6 9. Bg2 0-0 10. 0-0 Ng6 11. f4 Re8 12. Kh1 Rb8 13. Qh5 Nb4 14. Ned5 Qd8 15. f5 Re5 16. Bg5 f6 17. fxg6 hxg6 18. Nxf6+ Qxf6 19. Bxf6 Rxh5 20. Be7 Be6 21. h4 Re5 22. Bg5 Nxc2 23. Rac1 Ne3 24. Rf3 Nxg2 25. Kxg2 Rf8 26. Bf4 Bg4 27. Rd3 Re7 28. a3 b5 29. b4 Bb6 30. Rc2 Rfe8 31. Nd5 Rxe4 32. Nxb6 Re2+ 33. Rxe2 Rxe2+ 34. Kg1 cxb6 35. Rxd6 Re1+ 36. Kf2 Re2+ 37. Kf1 Re6 38. Rd8+ Kf7 39. Ra8 a5 40. bxa5 bxa5 41. Rxa5 Re4 42. Bd6 Re6 43. Ra7+ Kf6 44. Bf4 Be2+ 45. Kf2 Bc4 46. Bg5+ Kf5 47. Rxg7 Kg4 48. Be3 Rf6+ 49. Bf4 Re6 50. Be3 Rf6+ 51. Kg1 Kxg3 52. Bf2+ Kg4 1/2-1/2